| 000 | 00808nam a2200229 4500 | ||
|---|---|---|---|
| 001 | 76372 | ||
| 003 | BD-RjUL | ||
| 005 | 20211209082831.0 | ||
| 008 | 191127s2017 bg ||||| |||| 00| 0 ben d | ||
| 020 | _a9847012006405 | ||
| 035 | _a(BD-RjUL)76593 | ||
| 040 |
_aBD-RjUL _beng _cBD-RjUL |
||
| 041 | _aben | ||
| 082 |
_223 _a302.23095492 _bRAS 2017 |
||
| 100 |
_aরানা, এস এম _9235697 |
||
| 245 |
_aসংবাদের জন্মকাহিনি / _cএস এম রানা |
||
| 260 |
_aঢাকা : _bকথাপ্রকাশ, _c২০১৭ |
||
| 300 |
_a১৪১ পৃ.; _c২৩ সেমি. |
||
| 650 |
_aগণমাধ্যম এবং ইতিহাস _zবাংলাদেশ _9235698 |
||
| 650 |
_aMass media and history _zBangladesh _9235699 |
||
| 942 |
_2ddc _cBK |
||
| 999 |
_c76372 _d76372 |
||